[Event "Niedersachsen-Hessen"]
[Site "Wismar"]
[Date "2009.10.02"]
[Round "5.1"]
[White "Hoegy, Kevin"]
[Black "Lubbe, Nikolas"]
[Result "0-1"]
[WhiteElo "2145"]
[BlackElo "2330"]
[PlyCount "62"]
[EventDate "2009.??.??"]

1. Nf3 Nf6 2. c4 c5 3. g3 e6 4. Bg2 Be7 5. O-O O-O 6. Nc3 Nc6 7. d4 d5 8. cxd5
Nxd5 9. Nxd5 exd5 10. Be3 Bf6 11. Rc1 c4 12. Ne5 Bxe5 13. dxe5 Be6 14. Bc5 Re8
15. f4 Qa5 16. Bd6 g6 17. e4 dxe4 18. Bxe4 Rad8 19. Qe1 Qxa2 20. f5 Bxf5 21.
Rxf5 gxf5 22. Bxc6 bxc6 23. Qd2 f6 24. exf6 Kf7 25. Qh6 Qxb2 26. Be7 Qd4+ 27.
Kh1 Qe4+ 28. Kg1 Rb8 29. Rf1 Rb2 30. Qxh7+ Ke6 31. Qh3 Rh8 0-1

[Event "Niedersachsen-Hessen"]
[Site "Wismar"]
[Date "2009.10.02"]
[Round "5.2"]
[White "Guennigmann, Manuel"]
[Black "Rafiee, Makan"]
[Result "1/2-1/2"]
[WhiteElo "2158"]
[BlackElo "2136"]
[PlyCount "38"]
[EventDate "2009.??.??"]
[WhiteTeam "Niedersachsen"]
[BlackTeam "Hessen"]

1. e4 c5 2. Nf3 d6 3. Bb5+ Bd7 4. Bxd7+ Qxd7 5. c4 e5 6. Nc3 Ne7 7. d3 g6 8.
O-O Bg7 9. Nd5 Nbc6 10. Rb1 Nxd5 11. cxd5 Nd4 12. Nxd4 cxd4 13. b4 O-O 14. Bd2
b5 15. Qb3 Rfc8 16. Rfc1 h5 17. Qa3 Qb7 18. g3 Kh7 19. Kg2 Bh6 1/2-1/2

[Event "Niedersachsen-Hessen"]
[Site "Wismar"]
[Date "2009.10.02"]
[Round "5.3"]
[White "Aslan, Benjamin"]
[Black "Bradler, Stephan"]
[Result "0-1"]
[WhiteElo "2040"]
[BlackElo "2125"]
[PlyCount "64"]
[EventDate "2009.??.??"]

1. d4 Nf6 2. c4 g6 3. Nc3 Bg7 4. e4 d6 5. Be2 O-O 6. Nf3 e5 7. O-O Na6 8. Be3
Ng4 9. Bg5 Qe8 10. Re1 exd4 11. Nd5 d3 12. Bxd3 c6 13. Ne7+ Kh8 14. Nxc8 Rxc8
15. Bf1 Bxb2 16. Re2 Bxa1 17. Qxa1+ f6 18. Rd2 Nc5 19. h3 Kg8 20. Bf4 Ne5 21.
Rxd6 Nf7 22. Rxf6 Nxe4 23. c5 Nxf6 24. Qxf6 Qd8 25. Qa1 Qd5 26. Nd2 Rcd8 27.
Qc1 Ne5 28. Bh6 Rf7 29. Be3 b5 30. cxb6 axb6 31. Nc4 Nxc4 32. Bxc4 Qd1+ 0-1

[Event "Niedersachsen-Hessen"]
[Site "Wismar"]
[Date "2009.10.02"]
[Round "5.4"]
[White "Kyas, Philipp"]
[Black "Goebel, Constantin"]
[Result "1-0"]
[WhiteElo "1953"]
[BlackElo "2009"]
[PlyCount "87"]
[EventDate "2009.??.??"]

1. d4 d5 2. c4 e6 3. Nc3 Nf6 4. cxd5 exd5 5. Bg5 c6 6. e3 Be7 7. Bd3 Nbd7 8.
Nge2 O-O 9. O-O Re8 10. f3 c5 11. Qc2 Nf8 12. Kh1 h6 13. Bh4 Nh5 14. Bxe7 Rxe7
15. dxc5 Rxe3 16. Qd2 Re8 17. Nxd5 Ne6 18. b4 Kh8 19. Nec3 Qh4 20. Qf2 Qxf2 21.
Rxf2 a5 22. Nb6 Rb8 23. Ne4 Nef4 24. Bb5 Re7 25. g3 Nh3 26. Rd2 Be6 27. bxa5 f5
28. Nd6 Rc7 29. Kg2 Ng5 30. h4 Nh7 31. Re2 Nf8 32. Rc1 Nf6 33. Rcc2 g6 34. c6
bxc6 35. Rxc6 Ra7 36. a6 Ng8 37. Ndc8 Bxc8 38. Nxc8 Raa8 39. Re8 Rxb5 40. Rxf8
Kg7 41. Re8 Rb2+ 42. Kh3 Rxa2 43. Rc7+ Kh8 44. Ne7 1-0

[Event "Niedersachsen-Hessen"]
[Site "Wismar"]
[Date "2009.10.02"]
[Round "5.5"]
[White "Breitwieser, Jasmin"]
[Black "Dorn, Carina"]
[Result "0-1"]
[WhiteElo "1866"]
[BlackElo "1856"]
[PlyCount "64"]
[EventDate "2009.??.??"]

1. e4 e6 2. Nf3 d5 3. Nc3 Nf6 4. e5 Nfd7 5. d4 c5 6. dxc5 Nc6 7. Bf4 Bxc5 8.
Bd3 f6 9. exf6 Qxf6 10. Bg3 O-O 11. O-O Nd4 12. Nd2 Ne5 13. Nb3 Nxb3 14. axb3
Bd7 15. Be2 Bc6 16. Kh1 Rad8 17. Qe1 Ng6 18. f4 a6 19. Bg4 Rde8 20. Qc1 Ne7 21.
Ne2 Nf5 22. Bxf5 exf5 23. Ng1 Be3 24. Qb1 Bb5 25. Rd1 d4 26. Qa2 Re4 27. Nh3 h6
28. Qa5 Qd6 29. c4 Bc6 30. b4 Re7 31. Ra3 b6 32. c5 Qd5 0-1

[Event "Niedersachsen-Hessen"]
[Site "Wismar"]
[Date "2009.10.02"]
[Round "5.6"]
[White "Duessler, Stefanie"]
[Black "Tran, My Linh"]
[Result "1-0"]
[WhiteElo "1741"]
[BlackElo "1813"]
[PlyCount "61"]
[EventDate "2009.??.??"]
[WhiteTeam "Niedersachsen"]
[BlackTeam "Hessen"]

1. e4 e5 2. Nf3 Nc6 3. Bb5 f5 4. d3 fxe4 5. dxe4 Nf6 6. O-O Bc5 7. Qd3 d6 8.
Qc4 Qe7 9. Nc3 Bd7 10. Nd5 Nxd5 11. exd5 Nd4 12. Bxd7+ Qxd7 13. Nxd4 Bxd4 14.
a4 a5 15. Be3 Bxe3 16. fxe3 Rf8 17. Qh4 g6 18. Rf6 Rxf6 19. Qxf6 Qf7 20. Qh8+
Qf8 21. Qxh7 Qf7 22. Qh8+ Qf8 23. Qh3 Qg8 24. Rf1 Ke7 25. Qh4+ g5 26. Qh6 Re8
27. e4 g4 28. Qh4+ Kd7 29. Rf5 Re7 30. Rg5 Rg7 31. Qxg4+ 1-0

[Event "Niedersachsen-Hessen"]
[Site "Wismar"]
[Date "2009.10.02"]
[Round "5.7"]
[White "Bluhm, Sonja Maria"]
[Black "Koop, Thorben"]
[Result "1/2-1/2"]
[WhiteElo "1723"]
[BlackElo "1821"]
[PlyCount "83"]
[EventDate "2009.??.??"]

1. e4 c5 2. Nf3 Nc6 3. d4 cxd4 4. Nxd4 e5 5. Nb5 d6 6. N1c3 a6 7. Na3 b5 8. Nd5
Be7 9. c4 bxc4 10. Nxc4 Nd4 11. Be3 Nf6 12. Ndb6 Rb8 13. Bxd4 exd4 14. Qxd4 Bb7
15. f3 d5 16. exd5 Nxd5 17. O-O-O Nxb6 18. Qxg7 Bg5+ 19. Kc2 Qf6 20. Qxf6 Bxf6
21. Nxb6 Bxf3 22. gxf3 Rxb6 23. b3 O-O 24. Bc4 Rd8 25. Rxd8+ Bxd8 26. Rd1 Be7
27. h3 Rf6 28. Be2 a5 29. Rd5 Bb4 30. a3 Bxa3 31. Rxa5 Bf8 32. Rd5 Rh6 33. Bf1
Rf6 34. Be2 Rh6 35. Bf1 Rf6 36. Rd3 Bb4 37. Re3 Rd6 38. Bd3 Rf6 39. Bf1 Rd6 40.
Bd3 Rc6+ 41. Bc4 Rg6 42. Bd3 1/2-1/2

[Event "Niedersachsen-Hessen"]
[Site "Wismar"]
[Date "2009.10.02"]
[Round "5.8"]
[White "Diederichs, Luise"]
[Black "Keller, Peter"]
[Result "0-1"]
[WhiteElo "1521"]
[BlackElo "1799"]
[PlyCount "91"]
[EventDate "2009.??.??"]
[WhiteTeam "Niedersachsen"]
[BlackTeam "Hessen"]

1. c4 e6 2. d4 d5 3. Nc3 Nf6 4. Nf3 Nbd7 5. e3 c6 6. Bd3 Be7 7. Bd2 O-O 8. O-O
Re8 9. Re1 Bd6 10. Rc1 e5 11. dxe5 Nxe5 12. Nxe5 Bxe5 13. cxd5 Nxd5 14. Nxd5
Qxd5 15. Bc4 Qd6 16. Qh5 g6 17. Qf3 Be6 18. Bxe6 Rxe6 19. Red1 Bxh2+ 20. Kh1
Be5 21. Ba5 Qe7 22. Rd2 Qh4+ 23. Qh3 Qxh3+ 24. gxh3 b6 25. Bc3 Bxc3 26. Rxc3 c5
27. Rcd3 Rae8 28. Rd7 R8e7 29. Rd8+ Kg7 30. R2d7 Kf6 31. Kg2 Rxd7 32. Rxd7 Re7
33. Rd1 Ke6 34. Kf3 Rd7 35. Rxd7 Kxd7 36. Kg4 h6 37. Kf4 Ke6 38. Ke4 f5+ 39.
Kd3 Kd5 40. b3 b5 41. f3 c4+ 42. bxc4+ bxc4+ 43. Kc3 g5 44. a3 h5 45. a4 g4 46.
hxg4 0-1

[Event "Wuerttemberg-Hamburg"]
[Site "Wismar"]
[Date "2009.10.02"]
[Round "5.1"]
[White "Bracker, Arne"]
[Black "FM Strunski, Andreas"]
[Result "1-0"]
[WhiteElo "2219"]
[BlackElo "2394"]
[PlyCount "79"]
[EventDate "2009.??.??"]

1. d4 Nf6 2. Nf3 g6 3. c4 Bg7 4. Nc3 O-O 5. e4 d6 6. Be2 e5 7. O-O Nc6 8. d5
Ne7 9. Ne1 Nd7 10. Be3 f5 11. f3 f4 12. Bf2 g5 13. Rc1 Rf6 14. c5 a6 15. c6
bxc6 16. dxc6 Nf8 17. Nd3 Rh6 18. Nb4 Qe8 19. Kh1 Ne6 20. Bc4 Kh8 21. Bxe6 Bxe6
22. Ncd5 Nxd5 23. Nxd5 Qf7 24. Rc4 Rg8 25. g4 fxg3 26. Bxg3 Rf8 27. Rb4 Rh3 28.
Rb7 Rc8 29. Qb3 h5 30. Rb8 Kh7 31. Rxc8 Bxc8 32. Qb8 Be6 33. Nxc7 h4 34. Nxe6
Qxe6 35. c7 Qc4 36. Kg2 Rxh2+ 37. Bxh2 h3+ 38. Kxh3 Qxf1+ 39. Kg4 Qh1 40. c8=Q
1-0

[Event "Wuerttemberg-Hamburg"]
[Site "Wismar"]
[Date "2009.10.02"]
[Round "5.2"]
[White "Pogan, Nikolas"]
[Black "Lampert, Jonas"]
[Result "0-1"]
[WhiteElo "2069"]
[BlackElo "2111"]
[PlyCount "68"]
[EventDate "2009.??.??"]

1. d4 d5 2. c4 c6 3. Nf3 Nf6 4. e3 Bf5 5. Nc3 e6 6. Nh4 Bg6 7. Be2 Nbd7 8. O-O
Ne4 9. g3 Ndf6 10. f3 Nxc3 11. bxc3 Be7 12. Qb3 Qb6 13. Nxg6 Qxb3 14. axb3 hxg6
15. Bd2 O-O 16. cxd5 exd5 17. c4 c5 18. cxd5 Nxd5 19. e4 Nb4 20. Bxb4 cxb4 21.
Rfc1 Bd8 22. Rc4 a5 23. Kg2 Bb6 24. f4 Rfc8 25. d5 Rxc4 26. Bxc4 Kf8 27. e5 Bd8
28. g4 Rc8 29. Ra2 Rc5 30. Rd2 b5 31. Be2 a4 32. Bd1 a3 33. Be2 Rc3 34. Bd1 Rd3
{ZUe} 0-1

0-1

[Event "Wuerttemberg-Hamburg"]
[Site "Wismar"]
[Date "2009.10.02"]
[Round "5.3"]
[White "Mueller, Tobias"]
[Black "Erben, Larissa"]
[Result "1-0"]
[WhiteElo "2022"]
[BlackElo "2035"]
[PlyCount "85"]
[EventDate "2009.??.??"]

1. c4 e6 2. g3 Nf6 3. Bg2 d5 4. Nf3 Be7 5. O-O O-O 6. b3 b6 7. Bb2 Bb7 8. d4
Nbd7 9. Nc3 c5 10. e3 Rc8 11. Ne5 Qc7 12. Nb5 Qb8 13. Nxd7 Nxd7 14. dxc5 Nxc5
15. cxd5 Bxd5 16. Qg4 f6 17. Bxd5 exd5 18. Nd4 Qb7 19. Nf5 g6 20. Rad1 Rcd8 21.
h4 Qd7 22. Rxd5 Qb7 23. Rxd8 Rxd8 24. h5 g5 25. Rd1 Rxd1+ 26. Qxd1 Qe4 27. Qd5+
Kf8 28. Qxe4 Nxe4 29. f3 Nc5 30. Nxe7 Kxe7 31. Ba3 Kd6 32. Kf2 a5 33. e4 b5 34.
Bxc5+ Kxc5 35. Ke3 a4 36. Kd3 Kb4 37. f4 gxf4 38. gxf4 Ka3 39. bxa4 bxa4 40. e5
fxe5 41. fxe5 Kxa2 42. e6 a3 43. Kc2 1-0

[Event "Wuerttemberg-Hamburg"]
[Site "Wismar"]
[Date "2009.10.02"]
[Round "5.4"]
[White "Schaefer, Alexander"]
[Black "Ludwig, Jan"]
[Result "1-0"]
[WhiteElo "2073"]
[BlackElo "1979"]
[PlyCount "57"]
[EventDate "2009.??.??"]

1. d4 Nf6 2. Nf3 e6 3. c4 b6 4. g3 Bb7 5. Bg2 d5 6. O-O Be7 7. Qc2 O-O 8. Bf4
c6 9. Nc3 Nbd7 10. Rfd1 dxc4 11. Ne5 Nxe5 12. dxe5 Nd5 13. Ne4 b5 14. h4 Qc7
15. Ng5 g6 16. Be4 Rad8 17. Bxg6 Bxg5 18. Bxh7+ Kh8 19. hxg5 f5 20. exf6 Nxf4
21. Rxd8 Rxd8 22. g6 Nh5 23. g7+ Nxg7 24. fxg7+ Qxg7 25. Be4 Qd4 26. Bf3 Qd2
27. Qg6 Qxb2 28. Qh6+ Kg8 29. Qg5+ 1-0

[Event "Wuerttemberg-Hamburg"]
[Site "Wismar"]
[Date "2009.10.02"]
[Round "5.5"]
[White "Stanau, Guido"]
[Black "Xu, Xianliang"]
[Result "1/2-1/2"]
[WhiteElo "1763"]
[BlackElo "1961"]
[PlyCount "53"]
[EventDate "2009.??.??"]
[WhiteTeam "Hamburg"]
[BlackTeam "Württemberg"]

1. e4 c5 2. c3 Nf6 3. e5 Nd5 4. d4 cxd4 5. Nf3 Nc6 6. cxd4 d6 7. Bc4 Nb6 8. Bb5
dxe5 9. Nxe5 Bd7 10. Bxc6 Bxc6 11. Nxc6 bxc6 12. O-O g6 13. Re1 Bg7 14. Bg5 O-O
15. Bxe7 Qxd4 16. Nc3 Rfe8 17. Qf3 Qd7 18. Bg5 Nd5 19. Red1 Qe6 20. Nxd5 cxd5
21. Qxd5 Bxb2 22. Qxe6 Rxe6 23. Rab1 Bf6 24. Be3 Ra6 25. Rb7 Rxa2 26. g3 Ra1
27. Rxa1 1/2-1/2

[Event "Wuerttemberg-Hamburg"]
[Site "Wismar"]
[Date "2009.10.02"]
[Round "5.6"]
[White "Stitterich, Nadine"]
[Black "Garny, Annica"]
[Result "0-1"]
[WhiteElo "1941"]
[BlackElo "1787"]
[PlyCount "130"]
[EventDate "2009.??.??"]

1. e4 e5 2. Nf3 Nc6 3. Bb5 a6 4. Ba4 Nf6 5. O-O Be7 6. Re1 b5 7. Bb3 O-O 8. h3
d6 9. c3 Nb8 10. d4 Nbd7 11. Nbd2 c5 12. Nf1 Bb7 13. Ng3 Re8 14. Bc2 Qc7 15. d5
c4 16. Nf5 Bf8 17. N3h4 Nc5 18. Qf3 Bc8 19. Bg5 Nfd7 20. Qg3 f6 21. Bd2 Kh8 22.
Qf3 Nb6 23. g4 g5 24. Ng2 Bxf5 25. Qxf5 Bg7 26. Ne3 Nc8 27. b3 cxb3 28. axb3
Ne7 29. Qf3 Ng6 30. c4 Nf4 31. Nf5 bxc4 32. bxc4 Nd7 33. Ba4 Bf8 34. Ba5 Qa7
35. Rab1 Rec8 36. Bc6 Rab8 37. Bd2 Rxb1 38. Rxb1 Nb8 39. Be3 Qf7 40. Rb7 Qg6
41. Bxf4 gxf4 42. Ba4 a5 43. Qc3 Na6 44. Qxa5 Nc5 45. Ra7 Nxe4 46. Ra8 Rxa8 47.
Qxa8 Qf7 48. f3 Nd2 49. Nxd6 Qe7 50. c5 Nxf3+ 51. Kf2 Ng5 52. h4 Nf7 53. Nxf7+
Qxf7 54. c6 Kg7 55. Qa5 Bd6 56. Bc2 h5 57. gxh5 Qxh5 58. Qa7+ Kf8 59. Qh7 Bc5+
60. Ke1 Bb4+ 61. Kf2 Bc5+ 62. Kg2 Qe2+ 63. Kh1 Qf1+ 64. Kh2 Bg1+ 65. Kh1 Bf2+
0-1

[Event "Wuerttemberg-Hamburg"]
[Site "Wismar"]
[Date "2009.10.02"]
[Round "5.7"]
[White "Lemke, Berfín"]
[Black "Kaulich, Philipp Theodor"]
[Result "0-1"]
[WhiteElo "1393"]
[BlackElo "1902"]
[PlyCount "82"]
[EventDate "2009.??.??"]

1. e4 c5 2. Nc3 Nc6 3. Bb5 Nd4 4. Bc4 g6 5. d3 Bg7 6. Nge2 d6 7. O-O e6 8. Bd2
Ne7 9. Nf4 Rb8 10. a4 Nec6 11. Nfe2 O-O 12. f4 Kh8 13. Ng3 Nb4 14. Rc1 a6 15.
Ba2 b5 16. Bb1 f5 17. Qe1 Bb7 18. Nd1 Nbc6 19. axb5 axb5 20. Ba2 Ra8 21. Bb1 b4
22. Ne2 Nxe2+ 23. Qxe2 Nd4 24. Qe3 Nb3 25. c3 Nxc1 26. Bxc1 b3 27. Bd2 Qc7 28.
Nf2 e5 29. Nh3 fxe4 30. dxe4 exf4 31. Nxf4 Rae8 32. Re1 d5 33. Qh3 Rxf4 34.
Bxf4 Qxf4 35. Rf1 Qd6 36. exd5 Bxd5 37. Rd1 Qe6 38. Qd3 Bc4 39. Qd2 Kg8 40. h3
Qe3+ 41. Qxe3 Rxe3 0-1

[Event "Wuerttemberg-Hamburg"]
[Site "Wismar"]
[Date "2009.10.02"]
[Round "5.8"]
[White "Weber, Sandra"]
[Black "Rolfs, Rebecca"]
[Result "1/2-1/2"]
[WhiteElo "1334"]
[BlackElo "1158"]
[PlyCount "45"]
[EventDate "2009.??.??"]

1. e4 e5 2. Nf3 Nc6 3. Bb5 Nf6 4. O-O Nxe4 5. Re1 Nd6 6. Nxe5 Nxe5 7. Rxe5+ Be7
8. Ba4 O-O 9. d3 b6 10. c3 Bb7 11. Bf4 c5 12. Nd2 Nc8 13. Qg4 d5 14. Rh5 Bf6
15. Qh3 h6 16. Qg4 Ne7 17. Qf3 Ng6 18. Rf1 Nxf4 19. Qxf4 d4 20. cxd4 Qxd4 21.
Qxd4 Bxd4 22. Rb1 Rad8 23. Rh3 1/2-1/2

[Event "Nordrhein-Westfalen-Sachsen-Anhalt"]
[Site "Wismar"]
[Date "2009.10.02"]
[Round "5.1"]
[White "Rafayevych, Vilen"]
[Black "Savchenko, Aleksij"]
[Result "0-1"]
[WhiteElo "2042"]
[BlackElo "2246"]
[PlyCount "66"]
[EventDate "2009.??.??"]

1. d4 Nf6 2. c4 e6 3. Nf3 b6 4. g3 Ba6 5. Qc2 Bb7 6. Bg2 c5 7. d5 exd5 8. cxd5
Bxd5 9. O-O Be7 10. Nc3 Bc6 11. e4 d6 12. Rd1 Qc7 13. Nh4 O-O 14. Nf5 Rd8 15.
Bf4 Bf8 16. Qd2 Ne8 17. Nd5 Qb7 18. e5 dxe5 19. Nde7+ Bxe7 20. Nxe7+ Kf8 21.
Qxd8 Bxg2 22. Nd5 Na6 23. Qh4 Bxd5 24. Bxe5 h6 25. Rd2 c4 26. Rad1 Nb4 27. b3
Nd3 28. Bc3 b5 29. Re2 Bh1 30. Qh3 Bf3 31. Rxd3 cxd3 32. Bb4+ Kg8 33. Re7 Qxe7
0-1

[Event "Nordrhein-Westfalen-Sachsen-Anhalt"]
[Site "Wismar"]
[Date "2009.10.02"]
[Round "5.2"]
[White "Kelbling, Philipp"]
[Black "Mertens, Pauline"]
[Result "1-0"]
[WhiteElo "2116"]
[BlackElo "2014"]
[PlyCount "45"]
[EventDate "2009.??.??"]

1. e4 c5 2. Nf3 d6 3. d4 cxd4 4. Nxd4 Nf6 5. Nc3 a6 6. Bg5 e6 7. f4 Be7 8. Qf3
Nbd7 9. O-O-O Qc7 10. Bd3 b5 11. Rhe1 Bb7 12. Qg3 b4 13. Nd5 Nxd5 14. exd5 Bxd5
15. Bxe7 Kxe7 16. Nxe6 Bxe6 17. f5 Nc5 18. fxe6 Nxe6 19. Re2 Kf8 20. Qf3 Re8
21. Rde1 Kg8 22. Bf5 Rc8 23. Rxe6 1-0

[Event "Nordrhein-Westfalen-Sachsen-Anhalt"]
[Site "Wismar"]
[Date "2009.10.02"]
[Round "5.3"]
[White "Mueller, Alexander"]
[Black "Kartsev, Alexandr"]
[Result "0-1"]
[WhiteElo "1928"]
[BlackElo "2056"]
[PlyCount "114"]
[EventDate "2009.??.??"]

1. e4 c5 2. Nf3 d6 3. d4 cxd4 4. Nxd4 Nf6 5. Nc3 a6 6. f3 e5 7. Nb3 Be6 8. Be3
Be7 9. Qd2 O-O 10. g4 d5 11. Bc5 d4 12. Bxe7 Qxe7 13. Ne2 Nc6 14. Ng3 Rfc8 15.
Bd3 Rc7 16. a3 a5 17. O-O a4 18. Nc1 Qc5 19. Rf2 Ne8 20. Nce2 b5 21. Rc1 b4 22.
axb4 Qxb4 23. c3 Qa5 24. Nf1 dxc3 25. Nxc3 Nd4 26. Qe1 Qb6 27. Kg2 a3 28. bxa3
Rxa3 29. Bb1 Raxc3 30. Rxc3 Rxc3 31. Qxc3 Qxb1 32. Rb2 Qa1 33. Rb8 Qa4 34. Ng3
g6 35. Rb4 Qc2+ 36. Qxc2 Nxc2 37. Rb5 Ne3+ 38. Kf2 Nc4 39. Ne2 Kg7 40. Nc3 Ned6
41. Rb8 h6 42. Na4 Bd7 43. Nc5 Bc6 44. Rd8 Nb7 45. Rc8 Nxc5 46. Rxc6 Nd3+ 47.
Ke2 Nf4+ 48. Kf2 Nb2 49. Rd6 Nbd3+ 50. Ke3 Nc5 51. Rd8 Nce6 52. Rd7 Ng5 53. Re7
Kf6 54. Rd7 Ng2+ 55. Kf2 Nh4 56. Rd3 Nhxf3 57. Ra3 Nxh2 0-1

[Event "Nordrhein-Westfalen-Sachsen-Anhalt"]
[Site "Wismar"]
[Date "2009.10.02"]
[Round "5.5"]
[White "Mueller, Alexandra"]
[Black "Pauly, Carlo"]
[Result "0-1"]
[WhiteElo "1713"]
[BlackElo "2032"]
[PlyCount "96"]
[EventDate "2009.??.??"]
[WhiteTeam "Sachsen-Anhalt"]
[BlackTeam "Nordrhein-Westfalen"]

1. e4 c5 2. Nf3 d6 3. Bb5+ Bd7 4. Bxd7+ Qxd7 5. O-O g6 6. c3 Nf6 7. Qe2 Nc6 8.
d4 cxd4 9. cxd4 d5 10. e5 Ne4 11. Be3 Bg7 12. Ne1 f6 13. f3 Ng5 14. Bxg5 fxg5
15. Nc2 O-O 16. Nc3 Rf4 17. Rad1 e6 18. Qd2 Qd8 19. Na4 Nxe5 20. Nc5 Qb6 21.
Qe3 Rc8 22. b4 Nf7 23. Qe2 Nd8 24. g3 Rf7 25. Rfe1 Qd6 26. Rd2 b6 27. Nd3 Rfc7
28. Kg2 Rc3 29. Qf2 Qc7 30. Ree2 Qc4 31. Nde1 Qxa2 32. Ne3 Qb3 33. N1c2 R8c7
34. h3 Rd3 35. Rxd3 Qxd3 36. Rd2 Qc3 37. Qe2 a5 38. Rd3 Qb2 39. bxa5 bxa5 40.
Rd2 Kf7 41. Ne1 Qb6 42. N1c2 a4 43. Qd3 Qb3 44. Qe2 Nc6 45. Rd3 Qb2 46. Nd1 Qb6
47. Ra3 Nxd4 48. Nxd4 Qxd4 0-1

[Event "Nordrhein-Westfalen-Sachsen-Anhalt"]
[Site "Wismar"]
[Date "2009.10.02"]
[Round "5.6"]
[White "Karmann, Anna"]
[Black "Knopf, Felix"]
[Result "1-0"]
[WhiteElo "1927"]
[BlackElo "1667"]
[PlyCount "79"]
[EventDate "2009.??.??"]
[WhiteTeam "Nordrhein-Westfalen"]
[BlackTeam "Sachsen-Anhalt"]

1. Nf3 d5 2. d4 Nf6 3. e3 c6 4. Bd3 Nbd7 5. Nbd2 e6 6. b3 Be7 7. Bb2 O-O 8. O-O
c5 9. Ne5 Qc7 10. f4 cxd4 11. exd4 a6 12. Rf3 b5 13. Rh3 Rd8 14. Bxh7+ Kf8 15.
Bd3 Bd6 16. Rh8+ Ke7 17. Rxd8 Kxd8 18. Nxf7+ Ke7 19. Nxd6 Qxd6 20. Qf3 Bb7 21.
Qg3 Rg8 22. Re1 Nf8 23. Nf3 Bc8 24. Ne5 b4 25. Ng6+ Kd8 26. Nxf8 Qxf8 27. Qg5
Kc7 28. Rc1 Qd6 29. c4 bxc3 30. Rxc3+ Kb7 31. Qe5 Qb6 32. Rc2 Bd7 33. h3 a5 34.
Ba3 Rh8 35. Bc5 Qd8 36. Qd6 Bc8 37. Ba6+ Ka8 38. Qc6+ Kb8 39. Bd6+ Ka7 40. Bc7
1-0

[Event "Nordrhein-Westfalen-Sachsen-Anhalt"]
[Site "Wismar"]
[Date "2009.10.02"]
[Round "5.7"]
[White "Priese, Annika"]
[Black "Wolff, Christopher"]
[Result "0-1"]
[WhiteElo "1284"]
[BlackElo "1808"]
[PlyCount "56"]
[EventDate "2009.??.??"]
[WhiteTeam "Sachsen-Anhalt"]
[BlackTeam "Nordrhein-Westfalen"]

1. e4 c5 2. Nf3 d6 3. d4 cxd4 4. Nxd4 Nf6 5. Nc3 a6 6. Be3 e5 7. Nb3 Be6 8. f3
Be7 9. Qd2 O-O 10. O-O-O Nbd7 11. g4 b5 12. g5 b4 13. Ne2 Ne8 14. f4 a5 15. f5
a4 16. fxe6 axb3 17. exf7+ Rxf7 18. cxb3 Rxa2 19. Ng3 Kh8 20. Nf5 Qa8 21. Nxe7
Rxe7 22. Qc2 Nc5 23. Qf2 Nxb3+ 24. Kc2 Rc7+ 25. Bc4 Qxe4+ 26. Rd3 Qxc4+ 27. Kd1
Qxd3+ 28. Bd2 Rc1# 0-1

[Event "Nordrhein-Westfalen-Sachsen-Anhalt"]
[Site "Wismar"]
[Date "2009.10.02"]
[Round "5.8"]
[White "Bork, Sophie"]
[Black "Pallas, Sebastian"]
[Result "0-1"]
[WhiteElo "1181"]
[BlackElo "1371"]
[PlyCount "120"]
[EventDate "2009.??.??"]
[WhiteTeam "Nordrhein-Westfalen"]
[BlackTeam "Sachsen-Anhalt"]

1. e4 c5 2. c3 d5 3. exd5 Qxd5 4. d4 cxd4 5. cxd4 Nc6 6. Nf3 Bg4 7. Be2 e6 8.
Nc3 Bb4 9. O-O Bxc3 10. bxc3 Nf6 11. Bf4 O-O 12. Qd2 Rfe8 13. Rad1 Rad8 14. h3
Bh5 15. Rfe1 Qa5 16. Ne5 Nxe5 17. Bxe5 Bg6 18. Bxf6 gxf6 19. Bd3 Rc8 20. Rc1
Red8 21. Re3 Rc6 22. Rg3 Rxd4 23. Qe2 Rd5 24. Be4 Re5 25. Qd3 Kf8 26. Bxg6 hxg6
27. Qd2 Rg5 28. Rxg5 Qxg5 29. Qd8+ Kg7 30. Rc2 Qe5 31. Qd2 Rb6 32. f4 Qd6 33.
Rb2 Qxd2 34. Rxd2 Ra6 35. Rd7 b6 36. Rd2 Ra5 37. Kf2 e5 38. Ke3 exf4+ 39. Kxf4
Kf8 40. Kg3 Ke7 41. Re2+ Kd6 42. Kf4 Ra4+ 43. Kf3 Rc4 44. Rc2 b5 45. Ke3 a6 46.
Kd3 f5 47. g3 f6 48. Kd2 Ke5 49. Kd3 Kd5 50. Rc1 b4 51. Rc2 Rxc3+ 52. Rxc3 bxc3
53. Kxc3 Ke4 54. Kc4 Kf3 55. g4 fxg4 56. hxg4 Kxg4 57. Kc5 f5 58. Kb6 f4 59. a4
f3 60. Kxa6 f2 0-1

[Event "Rheinland-Pfalz-Saarland"]
[Site "Wismar"]
[Date "2009.10.02"]
[Round "5.1"]
[White "Wild, Achim"]
[Black "Gruenter, Martin"]
[Result "1-0"]
[WhiteElo "2033"]
[BlackElo "2151"]
[PlyCount "47"]
[EventDate "2009.??.??"]
[WhiteTeam "Saarland"]
[BlackTeam "Rheinland-Pfalz"]

1. e4 c5 2. c3 Nf6 3. e5 Nd5 4. Nf3 e6 5. d4 cxd4 6. cxd4 b6 7. Bd3 d6 8. O-O
Be7 9. a3 Nd7 10. Re1 Bb7 11. Nbd2 Nf4 12. Bf1 Ng6 13. Ne4 dxe5 14. dxe5 Ndxe5
15. Bb5+ Nd7 16. Nd6+ Bxd6 17. Qxd6 Qe7 18. Qc7 Bd5 19. Bg5 f6 20. Rad1 a6 21.
Rxd5 axb5 22. Qc6 O-O 23. Rxd7 Qc5 24. Qb7 1-0

[Event "Rheinland-Pfalz-Saarland"]
[Site "Wismar"]
[Date "2009.10.02"]
[Round "5.2"]
[White "Hastrich, Julian"]
[Black "Mueller, Denis"]
[Result "1/2-1/2"]
[WhiteElo "2153"]
[BlackElo "1922"]
[PlyCount "96"]
[EventDate "2009.??.??"]
[WhiteTeam "Rheinland-Pfalz"]
[BlackTeam "Saarland"]

1. e4 c5 2. Nc3 d6 3. g3 g6 4. Bg2 Bg7 5. d3 Nc6 6. f4 e6 7. Nf3 Nge7 8. O-O
O-O 9. Be3 Nd4 10. e5 Nef5 11. Bf2 Nxf3+ 12. Qxf3 Nd4 13. Qd1 dxe5 14. fxe5
Bxe5 15. Ne4 f5 16. Nxc5 Qc7 17. b4 f4 18. gxf4 Rxf4 19. c3 Nf5 20. d4 Rxf2 21.
Rxf2 Bxh2+ 22. Kh1 Bg3 23. Rf3 Qe7 24. Qd3 Qh4+ 25. Kg1 Bh2+ 26. Kf1 Ng3+ 27.
Ke1 b6 28. Rf2 Rb8 29. Qb5 Nf5 30. Qe8+ Kg7 31. Ne4 Bg1 32. b5 Bxf2+ 33. Nxf2
Ne3 34. Qc6 Ng4 35. Qc7+ Kg8 36. Qf4 Qxf2+ 37. Qxf2 Nxf2 38. Kxf2 Bb7 39. Bxb7
Rxb7 40. c4 Kf7 41. a4 e5 42. c5 exd4 43. c6 Rc7 44. Rd1 Ke6 45. Rxd4 h5 46.
Kg3 g5 47. Kf3 Rf7+ 48. Kg3 Re7 1/2-1/2

[Event "Rheinland-Pfalz-Saarland"]
[Site "Wismar"]
[Date "2009.10.02"]
[Round "5.3"]
[White "Grewenig, Jan"]
[Black "Stahnecker, Ludwig"]
[Result "1/2-1/2"]
[WhiteElo "1881"]
[BlackElo "1951"]
[PlyCount "49"]
[EventDate "2009.??.??"]
[WhiteTeam "Saarland"]
[BlackTeam "Rheinland-Pfalz"]

1. e4 {[%emt 0:00:00]} c5 2. Nf3 e6 3. d4 cxd4 4. Nxd4 a6 5. Bd3 Nc6 6. Be3 Nf6
7. O-O d5 8. exd5 exd5 9. Re1 Be7 10. Nf5 Bxf5 11. Bxf5 O-O 12. c3 Ne5 13. Nd2
Bd6 14. Bd4 Qc7 15. g3 Rfe8 16. Nf3 Rad8 17. Nxe5 Bxe5 18. Qd2 Bxd4 19. Qxd4 b6
20. Bd3 a5 21. Bb5 Re4 22. Qd2 Qc5 23. Bd3 Ree8 24. Rxe8+ Rxe8 25. Re1 1/2-1/2

[Event "Rheinland-Pfalz-Saarland"]
[Site "Wismar"]
[Date "2009.10.02"]
[Round "5.4"]
[White "Remy, Janina"]
[Black "Frischmann, Rick"]
[Result "1-0"]
[WhiteElo "2004"]
[BlackElo "1846"]
[PlyCount "77"]
[EventDate "2009.??.??"]
[WhiteTeam "Rheinland-Pfalz"]
[BlackTeam "Saarland"]

1. e4 c5 2. Nc3 e6 3. g3 Nc6 4. Bg2 d6 5. Nge2 g6 6. d4 cxd4 7. Nxd4 a6 8. O-O
Bg7 9. Be3 Nge7 10. Qd2 O-O 11. Rad1 Ne5 12. b3 Qc7 13. Nce2 Ng4 14. c4 Rb8 15.
Nc2 Nxe3 16. Nxe3 Rd8 17. Rc1 Bd7 18. Rfd1 Be8 19. Ng4 h5 20. Ne3 Rbc8 21. g4
hxg4 22. Nxg4 f5 23. Ne3 Nc6 24. Nf4 Qf7 25. exf5 gxf5 26. Nxe6 Rd7 27. Nxg7
Qxg7 28. Nxf5 Qg6 29. Ng3 Ne5 30. Qc2 Qh6 31. Qf5 Bg6 32. Qe6+ Kh7 33. Qh3 Rf8
34. Qxh6+ Kxh6 35. Rc3 Rdf7 36. f3 Bd3 37. Rcxd3 Nxd3 38. Rxd3 Rd8 39. Ne4 1-0

[Event "Rheinland-Pfalz-Saarland"]
[Site "Wismar"]
[Date "2009.10.02"]
[Round "5.5"]
[White "Sonnhalter, Stella"]
[Black "Yankelevich, Lev"]
[Result "0-1"]
[WhiteElo "1746"]
[BlackElo "1943"]
[PlyCount "22"]
[EventDate "2009.??.??"]
[WhiteTeam "Saarland"]
[BlackTeam "Rheinland-Pfalz"]

1. e4 Nf6 2. e5 Nd5 3. c4 Nb6 4. d4 d6 5. exd6 exd6 6. Nc3 Bf5 7. Qf3 Be6 8.
Qxb7 c6 9. d5 Bc8 10. dxc6 Bxb7 11. cxb7 Qe7+ 0-1